000 00749nam a2200205 a 4500
003 0
005 20250412084307.0
008 970101s19uu xx 00 eng d
050 _aPGS BF 723.S3
_b.M473 2004
100 _aMayo, Krizzian Keama.
245 _aPerception of grade six and seven students on sibling rivalry school year 2003-2004 /
_cKrizzian Keama Mayo.
260 _aLas PiƱas City, Philippines :
_bSouthville International School and Colleges,
_c2004.
300 _a28 pages :
_billustrations ;
_c28 cm.
504 _aIncludes bibliographical references.
650 _aSibling rivalry.
650 _aSiblings
_vPsychological aspects.
650 _aChildren
_vAttitudes.
650 _aFamily relationships.
942 _2lcc
_cPASS
999 _c97025
_d97025